Caricamento...
History and geography in late antiquity
| Autore principale: | |
|---|---|
| Natura: | Printed Book |
| Pubblicazione: |
New Delhi
Cambridge University Press
2005
|
| Soggetti: |
| LEADER | 00523cam a2200169ua 4500 | ||
|---|---|---|---|
| 020 | |a 0-521-84601-3 | ||
| 082 | |a 930 |b MER/H | ||
| 100 | 0 | |a Merrills,A.H | |
| 245 | 1 | 0 | |a History and geography in late antiquity |
| 260 | |a New Delhi |b Cambridge University Press |c 2005 | ||
| 300 | |a xiv,386p. | ||
| 500 | |a Includes index. | ||
| 650 | |a History of ancient world | ||
| 650 | 0 | |a Geography | |
| 942 | |c BK | ||
| 999 | |c 18193 |d 18193 | ||
| 952 | |0 0 |1 0 |4 0 |6 930_000000000000000_MERH |7 0 |9 18993 |a KUCL |b KUCL |d 2014-05-23 |l 0 |o 930 MER/H |p 19651 |r 2017-03-09 |y BK | ||